| 000 | 00892njm a2200277Ia 4500 | ||
|---|---|---|---|
| 001 | 25834 | ||
| 003 | IT-RoPAU | ||
| 005 | 20220918181117.0 | ||
| 008 | 131025s9999 xx 000 0 und d | ||
| 040 | _aIT-RoPAU | ||
| 040 | _cIT-RoPAU | ||
| 999 |
_c99475 _d99475 |
||
| 999 | _bNO | ||
| 100 |
_aAA.VV. _9794 |
||
| 100 |
_eAutore musica _914466 |
||
| 100 |
_gCodice autore musica SPICS: 12000 _9796 |
||
| 245 | _aAfrica dolore e magia | ||
| 250 | _a1a ed. | ||
| 260 | _aROMA | ||
| 260 |
_bSPICS RECORDS _c1984 [1a Ed.:1975] |
||
| 300 | _aMUSICASSETTA | ||
| 300 | _c45 minuti (Testo: pag.) | ||
| 500 | _aCanti d'Africa. Musica popolare folklorica | ||
| 505 | _aCanto di dolore - Lamento - Canto di scherno - Funebre - Invettiva - Caccia - Amore - Guarigione - Rituale ali per la nascita dei gemelli - Ninna nanna | ||
| 650 |
_aFOLKLORICO [CASSETTE] _eCodice MATERIA SPICS: 9951 _914467 |
||
| 942 |
_cMC _2ddc |
||